<?xml version="1.0" encoding="UTF-8"?>
<record
    xmlns:xsi="http://www.w3.org/2001/XMLSchema-instance"
    xsi:schemaLocation="http://www.loc.gov/MARC21/slim http://www.loc.gov/standards/marcxml/schema/MARC21slim.xsd"
    xmlns="http://www.loc.gov/MARC21/slim">

  <leader>00441nam a22001697a 4500</leader>
  <controlfield tag="005">20250619160550.0</controlfield>
  <controlfield tag="008">250506b        |||||||| |||| 00| 0 eng d</controlfield>
  <datafield tag="020" ind1=" " ind2=" ">
    <subfield code="a">9781408844489</subfield>
  </datafield>
  <datafield tag="040" ind1=" " ind2=" ">
    <subfield code="c">SDCL</subfield>
  </datafield>
  <datafield tag="041" ind1=" " ind2=" ">
    <subfield code="a">eng</subfield>
  </datafield>
  <datafield tag="084" ind1=" " ind2=" ">
    <subfield code="a">S:66  Q0   LR</subfield>
  </datafield>
  <datafield tag="100" ind1=" " ind2=" ">
    <subfield code="a">Gilbert, Elizabeth</subfield>
    <subfield code="9">409590</subfield>
  </datafield>
  <datafield tag="245" ind1=" " ind2=" ">
    <subfield code="a">Eat Pray Love:</subfield>
    <subfield code="b">One Woman's Search for Everything/</subfield>
  </datafield>
  <datafield tag="260" ind1=" " ind2=" ">
    <subfield code="a">London :</subfield>
    <subfield code="b">Bloomsbury,</subfield>
    <subfield code="c">2010.</subfield>
  </datafield>
  <datafield tag="300" ind1=" " ind2=" ">
    <subfield code="a">349p</subfield>
  </datafield>
  <datafield tag="942" ind1=" " ind2=" ">
    <subfield code="2">CC</subfield>
    <subfield code="c">GB</subfield>
  </datafield>
  <datafield tag="999" ind1=" " ind2=" ">
    <subfield code="c">1311798</subfield>
    <subfield code="d">1311798</subfield>
  </datafield>
  <datafield tag="952" ind1=" " ind2=" ">
    <subfield code="0">0</subfield>
    <subfield code="1">0</subfield>
    <subfield code="2">CC</subfield>
    <subfield code="4">0</subfield>
    <subfield code="6">S66_Q0_LR</subfield>
    <subfield code="7">0</subfield>
    <subfield code="9">1245464</subfield>
    <subfield code="a">SDCL</subfield>
    <subfield code="b">SDCL</subfield>
    <subfield code="d">2025-05-06</subfield>
    <subfield code="l">1</subfield>
    <subfield code="o">S:66  Q0   LR</subfield>
    <subfield code="p">SC1691495</subfield>
    <subfield code="r">2025-11-06 15:58:56</subfield>
    <subfield code="s">2025-11-04</subfield>
    <subfield code="w">2025-05-06</subfield>
    <subfield code="y">GB</subfield>
  </datafield>
</record>
